Quality and quantity of runoff and atmospheric deposition in urban areas of Salt Lake County, Utah, 1980-81 /

Bibliographic Details
Corporate Authors: Geological Survey (U.S.), Salt Lake County (Utah). Division of Flood Control and Water Quality
Other Authors: Christensen, R. C.
Format: Government Document Book
Language:English
Published: Salt Lake City, Utah : U.S. Dept. of the Interior, Geological Survey ; 1984.
Series:Water-resources investigations report ; 84-4011.
Subjects:

MARC

Tag First Indicator Second Indicator Subfields
LEADER 00000cam a2200000 a 4500
001 in00000850721
005 20151019061935.0
008 841211s1984 utuab b f00000 eng d
010 |a gp 85008705  
035 |a (OCoLC)11508528 
035 |9 AEC2200AM 
040 |a GPO  |c GPO  |d UtOrBLW 
043 |a n-us-ut 
074 |a 624-B 
086 0 |a I 19.42/4:84-4011 
245 0 0 |a Quality and quantity of runoff and atmospheric deposition in urban areas of Salt Lake County, Utah, 1980-81 /  |c by R.C. Christensen [and others] ; prepared in cooperation with the Salt Lake County Division of Flood Control and Water Quality. 
264 1 |a Salt Lake City, Utah :  |b U.S. Dept. of the Interior, Geological Survey ;  |c 1984. 
264 2 |a Denver, Colo. :  |b Open-File Services Section, Western Distribution Branch, U.S. Geological Survey, 
300 |a viii, 223 pages :  |b illustrations, 1 map ;  |c 28 cm. +  |e 1 folded map in pocket. 
336 |a text  |b txt  |2 rdacontent 
337 |a unmediated  |b n  |2 rdamedia 
338 |a volume  |b nc  |2 rdacarrier 
490 1 |a Water-resources investigations report ;  |v 84-4011 
500 |a Chiefly tables. 
504 |a Bibliography: pages 85-87. 
650 0 |a Water quality  |z Utah  |z Salt Lake County. 
650 0 |a Runoff  |z Utah  |z Salt Lake County. 
700 1 |a Christensen, R. C. 
710 2 |a Geological Survey (U.S.) 
710 1 |a Salt Lake County (Utah).  |b Division of Flood Control and Water Quality. 
830 0 |a Water-resources investigations report ;  |v 84-4011. 
999 |a MARS 
999 f f |s 1fcd47e0-996c-363d-a214-b173478290a5  |i 4eb97601-bf9a-360b-8ad5-c118291521b9  |t 0 
952 f f |p normal  |a Texas A&M University  |b College Station  |c Sterling C. Evans Library  |d Evans: US Documents (Annex 5th floor)  |t 0  |e I 19.42/4:84-4011  |h Superintendent of Documents classification  |i unmediated -- volume  |m A14814523978 
998 f f |a I 19.42/4:84-4011  |t 0  |l Evans: US Documents (Annex 5th floor)